Trends and price formation mechanism in Indian tea auctions (Record no. 44574)

MARC details
000 -LEADER
fixed length control field 00381nam a2200121Ia 4500
082 ## - DEWEY DECIMAL CLASSIFICATION NUMBER
Classification number 338.43.01
Item number NRP.23
100 ## - MAIN ENTRY--AUTHOR NAME
Personal name SARKAR, K
245 #0 - TITLE STATEMENT
Title Trends and price formation mechanism in Indian tea auctions
260 ## - PUBLICATION, DISTRIBUTION, ETC. (IMPRINT)
Place of publication Thiruvananthapuram
Name of publisher Centre for Development Studies
Year of publication 2013
490 ## - SERIES STATEMENT
Series statement NRPPD Discussion paper No.23
942 ## - ADDED ENTRY ELEMENTS (KOHA)
Koha item type Books
Holdings
Withdrawn status Lost status Damaged status Not for loan Home library Current library Date acquired Source of acquisition Full call number Accession Number Koha item type
        RRII Library RRII Library 16/12/2021 Gift 338.43.01 NRP.23 G01319 Books